| 000 | 01359nam a22003494a 4500 | ||
|---|---|---|---|
| 001 | ebr10014950 | ||
| 003 | CaPaEBR | ||
| 006 | m u | ||
| 007 | cr cn||||||||| | ||
| 008 | 000821s2001 enk sb 001 0 eng | ||
| 010 | _z 00064229 | ||
| 020 | _z0521650844 | ||
| 040 |
_aCaPaEBR _cCaPaEBR |
||
| 035 | _a(OCoLC)70746101 | ||
| 050 | 1 | 4 |
_aQA403 _b.B54 2001eb |
| 082 | 0 | 4 |
_a515/.2433 _221 |
| 100 | 1 |
_aBlei, R. C. _q(Ron C.) |
|
| 245 | 1 | 0 |
_aAnalysis in integer and fractional dimensions _h[electronic resource] / _cRon Blei. |
| 260 |
_aCambridge ; _aNew York : _bCambridge University Press, _c2001. |
||
| 300 | _axix, 556 p. | ||
| 490 | 1 |
_aCambridge studies in advanced mathematics ; _v71 |
|
| 504 | _aIncludes bibliographical references (p. 534-545) and index. | ||
| 533 |
_aElectronic reproduction. _bPalo Alto, Calif. : _cebrary, _d2013. _nAvailable via World Wide Web. _nAccess may be limited to ebrary affiliated libraries. |
||
| 650 | 0 | _aHarmonic analysis. | |
| 650 | 0 | _aFunctional analysis. | |
| 650 | 0 | _aProbabilities. | |
| 650 | 0 | _aInequalities (Mathematics) | |
| 655 | 7 |
_aElectronic books. _2local |
|
| 710 | 2 | _aebrary, Inc. | |
| 830 | 0 |
_aCambridge studies in advanced mathematics ; _v71. |
|
| 856 | 4 | 0 |
_uhttp://site.ebrary.com/lib/rucke/Doc?id=10014950 _zAn electronic book accessible through the World Wide Web; click to view |
| 999 |
_c11243 _d11243 |
||